000 00277nam a2200109Ia 4500
005 20251222153557.0
008 251222s9999||||xx |||||||||||||| ||spa||
082 _a600/B13T/T
100 _a"Mory Arciniega, Eliana"
245 0 _aEnsayos sobre ciencia y tecnologĂ­a
942 _cLIB
999 _c31095
_d31095